Art appreciation / (Record no. 17773)
[ view plain ]
| 000 -LEADER | |
|---|---|
| fixed length control field | 00814nam a2200217 4500 |
| 005 - DATE AND TIME OF LATEST TRANSACTION | |
| control field | 20251029111744.0 |
| 008 - FIXED-LENGTH DATA ELEMENTS--GENERAL INFORMATION | |
| fixed length control field | 221219b ||||| |||| 00| 0 eng d |
| 020 ## - INTERNATIONAL STANDARD BOOK NUMBER | |
| International Standard Book Number | 9786214270743 |
| 082 ## - DEWEY DECIMAL CLASSIFICATION NUMBER | |
| Classification number | DFil 701.18 Sa551 2020 |
| 100 ## - MAIN ENTRY--PERSONAL NAME | |
| Personal name | Sanchez, Remedios A. |
| 9 (RLIN) | 47211 |
| 245 ## - TITLE STATEMENT | |
| Title | Art appreciation / |
| Statement of responsibility, etc. | Remedios A. Sanchez, Ma. Delia P. Arabejo and Manuel V. dela Cruz, Jr. |
| 260 ## - PUBLICATION, DISTRIBUTION, ETC. (IMPRINT) | |
| Place of publication, distribution, etc. | Intramuros, Manila : |
| Name of publisher, distributor, etc. | Unlimited Books library Services & Publishing Inc., |
| Date of publication, distribution, etc. | ©2020. |
| 300 ## - PHYSICAL DESCRIPTION | |
| Extent | x, 177 pages : |
| Other physical details | illustrations ; |
| Dimensions | 25 cm. |
| 500 ## - GENERAL NOTE | |
| General note | Includes bibliographical references.<br/> |
| 650 ## - SUBJECT ADDED ENTRY--TOPICAL TERM | |
| Topical term or geographic name as entry element | Arts. |
| 9 (RLIN) | 47212 |
| 650 ## - SUBJECT ADDED ENTRY--TOPICAL TERM | |
| Topical term or geographic name as entry element | Humanities. |
| 9 (RLIN) | 47213 |
| 650 ## - SUBJECT ADDED ENTRY--TOPICAL TERM | |
| Topical term or geographic name as entry element | Art appreciation. |
| 9 (RLIN) | 47214 |
| 700 ## - ADDED ENTRY--PERSONAL NAME | |
| Personal name | Arabejo, Ma. Delia P. |
| Relator term | author. |
| 9 (RLIN) | 47215 |
| 700 ## - ADDED ENTRY--PERSONAL NAME | |
| Personal name | dela Cruz, Manuel V., Jr. |
| Relator term | author. |
| 9 (RLIN) | 47216 |
| 942 ## - ADDED ENTRY ELEMENTS (KOHA) | |
| Source of classification or shelving scheme | Dewey Decimal Classification |
| Koha item type | Filipiniana |
| Withdrawn status | Lost status | Source of classification or shelving scheme | Damaged status | Not for loan | Collection code | Home library | Current library | Shelving location | Date acquired | Source of acquisition | Cost, normal purchase price | Total Checkouts | Full call number | Barcode | Date last seen | Copy number | Price effective from | Koha item type |
|---|---|---|---|---|---|---|---|---|---|---|---|---|---|---|---|---|---|---|
| Dewey Decimal Classification | Filipiniana | UM Digos College - LIC | UM Digos College - LIC | Book Cart | 08/16/2022 | Purchased | 550.00 | DFil 701.18 Sa551 2020 | 27080 | 05/15/2025 | 1 | 12/19/2022 | Filipiniana | |||||
| Dewey Decimal Classification | Filipiniana | UM Digos College - LIC | UM Digos College - LIC | 08/16/2022 | Purchased | 550.00 | DFil 701.18 Sa551 2020 | 27081 | 05/15/2025 | 2 | 12/19/2022 | Filipiniana |
